| 000 | 00450nam a2200169 4500 | ||
|---|---|---|---|
| 001 | 108967 | ||
| 003 | ES-MaACL | ||
| 005 | 20230906184741.0 | ||
| 007 | t| | ||
| 008 | 061121s1988 sp r ||||1| spa d | ||
| 020 | _a84-7039-525-4 | ||
| 100 | 1 |
_aMoxó Ruano, Antonio. _983945 |
|
| 245 | 1 | 0 |
_aTemario poético / _cAntonio Moxo Ruano. |
| 260 |
_aMadrid : _bCastalia, _c1988. |
||
| 300 |
_a184 p. ; _c20 cm. |
||
| 852 |
_aES-MaACL _jL-12833 _bR.116223 |
||
| 999 |
_c108967 _d108967 |
||